000 00707nam a22002057a 4500
999 _c11498
_d11498
003 AR-CdUCM
008 190404b ||||| |||| 00| 0 spa d
020 _a84-8055-073-2
040 _aMUNICIPALIDAD PROVINCIAL DEL CUSCO
_cBIBLIOTECA MUNICIPAL DEL CUSCO
082 _aES / 912.574 /
_bAT87
110 _aEdiciones cultural, s.a.
_928790
245 _aAtlas de ecología :
_bNuestro planeta /
260 _aMadrid :
_bCultural, s.a.,
_c1995.
300 _a112 paginas
_c35 cm.
505 _aContenido :El agua -- La luz y la energía -- La atmósfera -- El suelo -- El clima ...
650 _aCiencias ecológicas
_928901
650 _aCiencias aplicadas
_920077
942 _2ddc
_cLIBROS
945 _arum